Nadie sale vivo de aquí. Herbert Rodríguez: (Record no. 1897)
[ view plain ]
| 000 -LEADER | |
|---|---|
| campo de control de longitud fija | 00801nam a2200205 4500 |
| 008 - DATOS DE LONGITUD FIJA--INFORMACIÓN GENERAL | |
| campo de control de longitud fija | 708 N136n |
| 020 ## - NÚMERO INTERNACIONAL ESTÁNDAR DEL LIBRO | |
| Número Internacional Estándar del Libro | 9786124092527 |
| 082 ## - NÚMERO DE LA CLASIFICACIÓN DECIMAL DEWEY | |
| Número de clasificación | 708 |
| Número de ítem | N136n |
| 100 ## - ENTRADA PRINCIPAL--NOMBRE DE PERSONA | |
| Nombre de persona | Rodríguez, Herbert |
| 9 (RLIN) | 7299 |
| 245 ## - MENCIÓN DEL TÍTULO | |
| Título | Nadie sale vivo de aquí. Herbert Rodríguez: |
| Resto del título | Cuatro décadas de insolencia visual. 1979 - 2016 |
| 250 ## - MENCION DE EDICION | |
| Mención de edición | 1a ed. |
| 260 ## - PUBLICACIÓN, DISTRIBUCIÓN, ETC. | |
| Lugar de publicación, distribución, etc. | Lima |
| Nombre del editor, distribuidor, etc. | Instituto Cultural Peruano Norteamericano |
| Fecha de publicación, distribución, etc. | 2017 |
| 300 ## - DESCRIPCIÓN FÍSICA | |
| Extensión | 202 p. |
| Otras características físicas | il. (col) |
| Dimensiones | 31 x 21 cm |
| 505 ## - NOTA DE CONTENIDO CON FORMATO | |
| Título | Presentación |
| -- | Nadie sale vivo de aquí |
| -- | Obras |
| -- | Documentos |
| -- | Biografía / Bibliografía |
| -- | English Translation |
| 650 ## - PUNTO DE ACCESO ADICIONAL DE MATERIA--TÉRMINO DE MATERIA | |
| Subdivisión general | arte contemporáneo |
| -- | arte - exhibiciones |
| -- | artes visuales - Perú |
| -- | artistas |
| 9 (RLIN) | 7300 |
| 700 ## - ENTRADA AGREGADA--NOMBRE PERSONAL | |
| Nombre de persona | Miró-Quesada, Charles |
| 9 (RLIN) | 7301 |
| 710 ## - ENTRADA AGREGADA--NOMBRE DE ENTIDAD CORPORATIVA | |
| Nombre de entidad corporativa o nombre de jurisdicción como elemento de entrada | A. Cáceres, Roger |
| 9 (RLIN) | 7302 |
| 711 ## - ENTRADA AGREGADA--NOMBRE DE REUNIÓN | |
| Nombre de congreso/reunión o jurisdicción como elemento de entrada | A. Muro, Luis |
| 9 (RLIN) | 7303 |
| 720 ## - ENTRADA AGREGADA--NOMBRE NO CONTROLADO | |
| Nombre | Trivelli, Carlo |
| Estatus retirado | Estado de pérdida | Fuente del sistema de clasificación o colocación | Estado de daño | No para préstamo | Biblioteca de origen | Biblioteca actual | Ubicación en estantería | Fecha de adquisición | Total de préstamos | Signatura topográfica completa | Código de barras | Visto por última vez | Precio de reemplazo | Tipo de ítem Koha |
|---|---|---|---|---|---|---|---|---|---|---|---|---|---|---|
| Clasificación Decimal Dewey | Biblioteca LadoV | Biblioteca LadoV | 04/03/2020 | 708 N136n | 002936 | 04/03/2020 | 04/03/2020 | Material 01 |
